| 000 | 00430pab a2200145 454500 | ||
|---|---|---|---|
| 008 | 180718b2015 xxu||||| |||| 00| 0 eng d | ||
| 100 | _aMahrenbach, Laura Carsten | ||
| 245 | _aDeconstructing 'emerging powers' and 'emerging markets': India and the United States in global governance | ||
| 260 | _c2015 | ||
| 300 | _ap.348-364. | ||
| 362 | _aDec | ||
| 650 | _aFinancial markets | ||
| 773 | _aIndia Quarterly | ||
| 909 | _a110095 | ||
| 999 |
_c110090 _d110090 |
||